| 000 | 00948nam a2200253 i 4500 | ||
|---|---|---|---|
| 001 | 166636 | ||
| 003 | ES-MaACL | ||
| 005 | 20250905135911.0 | ||
| 008 | 050920s1784 sp |||| | spa d | ||
| 100 | 1 |
_aTrigueros, Cándido María. _9111416 |
|
| 245 | 1 | 0 |
_aSan Felipe Neri al clero / _cCándido M. Trigueros. |
| 250 | _aSegunda edición emendada por su autor. | ||
| 260 |
_aEn Sevilla : _bEn la Ofic. de Vázquez y Comp., _c1784. |
||
| 300 |
_a[20] p. ; _c4º. |
||
| 530 | _aDisponible en formato digital. | ||
| 596 | _aMarca tip. en port. | ||
| 597 | _aSign.: [ ]\p2\s, A\p8\s. | ||
| 600 | 0 | 4 |
_aFelipe Neri, _cSanto _9170956 |
| 700 | 1 |
_aVázquez, Manuel Nicolás, _dfl. 1758-1796 _9133579 |
|
| 752 |
_aEspaña - _dSevilla |
||
| 852 |
_aES-MaACL _jR-837-38(2) _z- Enc. hol. _x Olim: G-1578-9 |
||
| 856 |
_uhttp://bdh-rd.bne.es/viewer.vm?id=0000140042&page=1 _zBiblioteca Digital Hispánica |
||
| 999 |
_c166636 _d166636 |
||